000 00871nam a22002417a 4500
001 5733
003 FISKH
005 20250122155943.0
008 250117b cb ||||| |||| 00| 0 eng d
020 _a9780545036962
040 _aFISKH
_beng
_cFISKH
_dFISKH
050 _aLB1573.7
082 _a363.12
100 _aMcNeese, Tim
245 _aThe challenger disaster /
_cby Tim McNeese
260 _aNew York :
_bScholastic ,
_c2003.
300 _a48 pages :
_bcolor illustrations ;
_c25 cm .
490 _aCornerstones of Freedom
_vSecond Series
520 _aRecounts events surrounding the explosion of the space shuttle Challenger in 1986, the first shuttle to carry a civilian passenger, and discusses the impact of this disaster on the United States space program.
650 _aCornerstones of Freedom
_vnon-fiction
942 _2ddc
_cBK
_n0
999 _c5733
_d5733